000 00308nam a2200121 a 4500
008 100920s1968|||| d
245 1 0 _aDr. Schlüser
100 1 _aEgel, Karl Georg
260 _bVydavateľstvo politickej literatúry
_aBratislava
_c1968
020 _c19,50
044 _axo
_cSK
041 _aslo
999 _c10495
_d10495